000 01301nam2a22002531 4500
001 RU\NLR\INFOCOMM20\1000017322
005 20040531160507.0
035 _a(NLR Aleph) 002573734
090 _a3212864
_c3212864
100 _a20040531d1959 |||y0rusy50 ba
101 0 _arus
102 _aRU
105 _ay |||||||||
200 1 _aЭлектроакустика
_fВ.К. Иофе
210 _d1959
461 0 _1001RU\NLR\INFOCOMM20\1000017319
_12001#$aОбзор состояния техники радиовещательного приема и акустики$fГос. Союзный науч.-исслед. ин-т радиовещательного приема и акустики. Отд. науч.-техн. информации$vНенум. вып.
_93212838
_cЛ.
_d1957-1959
_fГос. Союзный науч.-исслед. ин-т радиовещательного приема и акустики. Отд. науч.-техн. информации
_tОбзор состояния техники радиовещательного приема и акустики
_vНенум. вып.
700 1 _aИофе
_bВ. К.
_4070
801 0 _aRU
_bNLR
_gPSBO
801 1 _aRU
_bInfoComm
_c20040531
852 _aNLR
_jП10/2006
942 _cISSUE
980 _aNB
980 _aRUSPER